000 00624nam a2200217Ia 4500
001 7442
003 GE_BSU
008 181216s||||||||xx |||||||||||||| ||und||
040 _cGE_BSU
080 _a624.21.001
100 _aЕвграфов,Г.К. Богданов,Н.Н.
245 _aПроектирование мостов.
245 _bУчебник.
245 _cРед. Г.Б.Муравский.
260 _aМ.
260 _bТранспорт.
260 _c1966.
300 _a664стр.илл.27см.библиогр.:стр.660
653 _aПроектирование мостов.
942 _cBK
999 _c40802
_d40802